Normal view
MARC view
Entry Personal Name
001 - CONTROL NUMBER
- control field: 46250
003 - CONTROL NUMBER IDENTIFIER
- control field: dpl
005 - DATE AND TIME OF LATEST TRANSACTION
- control field: 20120503112450.0
008 - FIXED-LENGTH DATA ELEMENTS
- fixed length control field: 120503|||a|||||| | ||| d
040 ## - CATALOGING SOURCE
- Original cataloging agency: dpl
- Transcribing agency: dpl
100 ## - HEADING--PERSONAL NAME
- Personal name: शर्मा, चन्द्र पाल
670 ## - SOURCE DATA FOUND
- Source citation: Work cat.: (dpl): शर्मा, चन्द्र पाल, कार्यालयीन हिन्दी की प्रकृति /, 1989
670 ## - SOURCE DATA FOUND
- Source citation: Work cat.: (dpl): शर्मा, चन्द्र पाल, कार्यालयीन हिन्दी की प्रकृति /, 1989
